Wszystkie chwyty dozwolone?
| Titel: | Wszystkie chwyty dozwolone? : warianty gry o władzę w "Kronice Polskiej" Mistrza Wincentego zwanego Kadłubkiem = Variants of the game for power in the "Polish Chronicle" of Master Vincent called Kadłubek / Anna Łozowska-Patynowska ; Uniwersytet Pomorski w Słupsku |
|---|---|
| Verfasser: | |
| Veröffentlicht: | Słupsk : Uniwersytet Pomorski w Słupsku, 2025 |
| Umfang: | 518 Seiten : Illustrationen ; 25 cm |
| Format: | Buch |
| Sprache: | Polnisch |
| ISBN: | 9788374674188 ; 8374674180 |
alg: 54085001 001A $03004:23-12-25 001B $03004:13-01-26 $t08:30:50.000 001D $03004:23-12-25 001U $0utf8 001X $00 002@ $0Aau 002C $aText $btxt $2rdacontent 002D $aohne Hilfsmittel zu benutzen $bn $2rdamedia 002E $aBand $bnc $2rdacarrier 003@ $0540850012 003O $01564598386 $aOCoLC 004A $A978-83-7467-418-8 004D $083-7467-418-0 007A $0BV050545980 $aBVB 010@ $apol 010E $erda 011@ $a2025 $n2025 021A $aWszystkie chwyty dozwolone? $dwarianty gry o władzę w "Kronice Polskiej" Mistrza Wincentego zwanego Kadłubkiem $fVariants of the game for power in the "Polish Chronicle" of Master Vincent called Kadłubek $hAnna Łozowska-Patynowska ; Uniwersytet Pomorski w Słupsku 028A $BVerfasser $#Łozowska-Patynowska, Anna JAdwiga $#Patynowska, Anna Łozowska- $4aut $71383511632 $8Łozowska-Patynowska, Anna [Tp3] $9540144363 033A $pSłupsk $nUniwersytet Pomorski w Słupsku 034D $a518 Seiten 034I $a25 cm 034M $aIllustrationen 044K $#Chronica seu originale regum et principum Poloniae $#Chronica Polonorum $#Kronika Polski $#Magistri Vincentii Chronica Polonorum $#Historia Polonica Vincentii Kadlubkonis episcopi Cracoviensis $#Kadlubek, Vincentius $#087788861 $74453428-0 $8Kadlubek, Vincentius$Z1160-1223 [Tp1]$aChronica Polonarum sive originale regum et principum Poloniae [Tu1] $9088861333 044K $RPolen-Litauen $RKongresspolen $RWestgalizien $RStaat Krakau $#Generalgouvernement Polen $#Polska $#Rzeczpospolita Polska $#Polska Rzeczpospolita Ludowa $#Poland $#Pologne $#République Polonaise $#Generalne Gubernatorstwo w Polsce $#Polish People's Republic $#Polska Rzeczpospolita Polen $#PRL $#RP $#Polen Generalgouvernement $#Polska Generalgouvernement $#Besetzte Polnische Gebiete $#Besetztes Gebiet in Polen $#Okupowane Polskie Obszary $#Obszary Okupowane w Polsce $#Volksrepublik Polen $#Polska Rosyjska $#Republic Polen $#Respublika Pol'ša $#Pol'skaja Narodnaja Respublika $#République de Pologne $#Polen Links der Weichsel $#Polska po Lewej Stronie Wisły $#Lenkija $#Polija $#Gubernija Carstva Pol'skago $#Republik Polen $74046496-9 $8Polen [Tg1] $9085129801 044K $RSchrifttum $RGeschichtswissenschaft $#Historiography $#Historiographie $#Storiografia $#Historiografía $#Historiography $#Geschichtsschreibung $#Geschichtsschreibung $#Historiographie $#Historiografie $#Historisierung Geschichtsschreibung $74020531-9 $8Geschichtsschreibung [Ts1] $9085049425 045F $a901.09438 $eDDC23BSB 045F/01 $a901 045F/03 $g438 045G $a900.943809021 $eDDC23BSB 045G/01 $a900 045G/03 $f09021 045G/03 $f09022 045G/03 $g438 045R $aGeschichte 1001-1300 045T $aOST $qDE-12 $2FID 046L $aZusammenfassung in englischer Sprache lok: 54085001 24 exp: 54085001 24 1 #EPN 201B/01 $016-01-26 $t11:20:18.000 201C/01 $023-12-25 201U/01 $0utf8 203@/01 $01329856007 208@/01 $a16-01-26 $bz 209A/01 $a25.07328 $du $f050 $h25 07328 $x00 209C/01 $a25.07328 K $h25 07328 K 209G/01 $a75146493 $x00 220C/01 $ahae 247C/01 $8358050-7Marburg, Bibliothek des Herder-Instituts Marburg $9102600961
| LEADER | 00000cam a2200000 c 4500 | ||
|---|---|---|---|
| 001 | 540850012 | ||
| 003 | DE-603 | ||
| 005 | 20260113083050.0 | ||
| 007 | tu | ||
| 008 | 251223s2025 xx |||| | u00||u|pol c | ||
| 020 | |a 9788374674188 | ||
| 020 | |z 8374674180 | ||
| 035 | |a (DE-599)BVBBV050545980 | ||
| 035 | |a (OCoLC)1564598386 | ||
| 040 | |a DE-603 |b ger |c DE-603 |d DE-603 |e rda | ||
| 041 | |a pol | ||
| 082 | 0 | 4 | |8 1\u |a 901.09438 |q DE-101 |2 23/BSB |
| 083 | 0 | |8 2\u |a 900.943809021 |q DE-101 |2 23/BSB | |
| 084 | |a OST |q DE-12 |2 fid | ||
| 085 | |8 1\u |b 901 | ||
| 085 | |8 1\u |z 2 |s 438 | ||
| 085 | |8 2\u |b 900 | ||
| 085 | |8 2\u |z 1 |s 09021 | ||
| 085 | |8 2\u |z 1 |s 09022 | ||
| 085 | |8 2\u |z 2 |s 438 | ||
| 100 | 1 | |a Łozowska-Patynowska, Anna |e Verfasser |4 aut |0 (DE-603)540144363 |0 (DE-588)1383511632 |2 gnd | |
| 245 | 0 | 0 | |a Wszystkie chwyty dozwolone? |b warianty gry o władzę w "Kronice Polskiej" Mistrza Wincentego zwanego Kadłubkiem = Variants of the game for power in the "Polish Chronicle" of Master Vincent called Kadłubek |c Anna Łozowska-Patynowska ; Uniwersytet Pomorski w Słupsku |
| 264 | 1 | |a Słupsk |b Uniwersytet Pomorski w Słupsku |c 2025 | |
| 300 | |a 518 Seiten |b Illustrationen |c 25 cm | ||
| 336 | |a Text |b txt |2 rdacontent | ||
| 337 | |a ohne Hilfsmittel zu benutzen |b n |2 rdamedia | ||
| 338 | |a Band |b nc |2 rdacarrier | ||
| 546 | |a Zusammenfassung in englischer Sprache | ||
| 600 | 1 | 7 | |a Kadlubek, Vincentius |d 1160-1223 |t Chronica Polonarum sive originale regum et principum Poloniae |0 (DE-588)4453428-0 |0 (DE-603)088861333 |2 gnd |
| 648 | 7 | |a Geschichte 1001-1300 |2 gnd | |
| 650 | 7 | |a Geschichtsschreibung |0 (DE-588)4020531-9 |0 (DE-603)085049425 |2 gnd | |
| 651 | 7 | |a Polen |0 (DE-588)4046496-9 |0 (DE-603)085129801 |2 gnd | |
| 924 | 0 | |9 Mb 50 |a (DE-603)1329856007 |b DE-Mb50 |c HES |d c |g 25.07328 | |


